Inteligentné vzdelávanie pre hospodársku prax (IVpHP 2023) zborník abstraktov
Guardado en:
| Autores Corporativos: | , , |
|---|---|
| Formato: | Libro |
| Lenguaje: | eslovaco inglés |
| Publicado: |
Bratislava
Slovenská spoločnosť pre hospodársku informatiku
2023
|
| Edición: | 1. vydanie |
| Materias: | |
| Etiquetas: |
Sin Etiquetas, Sea el primero en etiquetar este registro!
|
MARC
| LEADER | 00000nam a2200000 4500 | ||
|---|---|---|---|
| 001 | 0298479 | ||
| 005 | 20240430122522.0 | ||
| 041 | 0 | |a slo | |
| 041 | 0 | |a eng | |
| 044 | |a SK | ||
| 245 | 1 | 0 | |a Inteligentné vzdelávanie pre hospodársku prax (IVpHP 2023) |b zborník abstraktov |
| 250 | |a 1. vydanie | ||
| 264 | 1 | |a Bratislava |b Slovenská spoločnosť pre hospodársku informatiku |c 2023 | |
| 300 | |a [21 s.] | ||
| 610 | 2 | 0 | |a vzdelávanie ďalšie |
| 610 | 2 | 0 | |a technológie inteligentné |
| 610 | 2 | 0 | |a prax odborná |
| 610 | 2 | 0 | |a technológie nové |
| 110 | 2 | |a Inteligentné vzdelávanie pre hospodársku prax. Webinár | |
| 710 | 2 | |a Slovenská spoločnosť pre hospodársku informatiku | |
| 710 | 2 | |a Ekonomická univerzita v Bratislave | |